000 00760nam a2200205 a 4500
001 BRCA_1143
005 20190320203311.0
008 931025s1982 mx-a---##b---#000-0#spa-d
050 4 _aG1545
_b.A85 1982
245 1 0 _aAtlas cartográfico histórico
_bMéxico.
260 _aMéxico
_bBancreser : SPP, Programación y Presupuesto : Instituto Nacional de Estadística, Geografía e Informática
_c1982
300 _a269 p.
_bil. a color, mapas
_c45 cm.
500 _aIncluye índice de autores de los mapas
500 _aIncluye Cuadro índice por siglo y tipo de mapa
504 _aBibliografía: p. 267
650 1 4 _aCartografía
_vAtlas
_xHistoria
_zMéxico
_93757
650 1 4 _aMapas
_vAtlas
_zMéxico
_93758
651 4 _aMéxico
_xMapas
_9398
942 _2lcc
_cB
999 _c1020
_d1020